LEADER 01292nam a2200277 i 4500 001 000000155143 003 CaOOAMICUS 005 20061102000000.0 008 061102s1967 it u000 u und u 013 $a132492 040 $aSeMil$bita 245 10$aSantità e vita nel mondo /$ca cura di Gustave Thils e Karel Vladimir Truhlar ; con la collaborazione di J. M. Díez-Alegría ... [et al.] ; prefazione del card. Léon-Joseph Suenens. 260 $aMilano :$bPaoline,$c1967. 300 $a345 p. ;$c20 cm. 490 0 $aImpegno e testimonianza 650 4$aLaicato.$0(OLS)http://semarc/subject/6802 700 1 $aThils, Gustave <1909-2000>.$0(OLS)http://semarc/name/940 700 1 $aSuenens, Léon-Joseph,$c.$0(OLS)http://semarc/name/16548 700 1 $aDíez Alegría, José Maria.$0(OLS)http://semarc/name/19134 700 1 $aTruhlar, Karel Vladimir,$c.$0(OLS)http://semarc/name/941 830 0$aImpegno e testimonianza.$0(OLS)http://semarc/title/6186 850 $aSeMil 852 $aSeMil$W1$xVenegono$y1$m3E II 293$j106994$B106994$CSeMilBibl$Z2$F117011 $81 961 $aRecupero: Altro 996 $6245$aSantità e vita nel mondo$9(OLS)http://semarc/title/227191 996 $6260$aMilano :$bPaoline$9(OLS)http://semarc/publisher/29684 LEADER 00646nam a2200169 i 4500 001 000000252655 003 CaOOAMICUS 005 20170126000000.0 008 170126s1890 it u000 u ita u 013 $a231560 040 $aSeMil$bita 245 10$aVol. 4. 300 $a404 p. 773 0 $aForcella, Vincenzo, <1837-1906>$tIscrizioni delle chiese e degli altri edifici di Milano dal secolo 8. ai giorni nostri.$dMilano : Tipografia Bortolotti di Giuseppe Prato, 1889-1893.$g4$w()5612 850 $aSeMil 852 $aSeMil$W1$xVenegono$y1$m3O III 4 FA$j203001$B203001$CSeMilBibl$Z2$F215721 $8I 996 $6245$aVol. 4$9(OLS)http://semarc/title/108694